| 000 | 00773nam a2200241 u 4500 | ||
|---|---|---|---|
| 005 | 20240228064319.0 | ||
| 008 | 171109s1999 ea r 000 0 spa d | ||
| 020 | _a0439086981 | ||
| 035 | _aUPN01000221551 | ||
| 049 | _aI | ||
| 050 | 4 |
_aQH309.2 _bM3.7 |
|
| 100 | 1 |
_aMarzollo, Jean _936992 |
|
| 245 | 1 | 0 |
_aSoy una semilla / _cJean Marzollo ; tr. Adriana Prosen ; il. Judith Moffatt. |
| 260 |
_aNew York : _bScholastic, _cc1999. |
||
| 300 |
_a[30] p. : _bprincipalmente il. col. |
||
| 440 | 0 |
_aHola lector. _pNivel 1 |
|
| 534 |
_pTitulo original: _tAs I'm a seed |
||
| 650 | 7 |
_aBiología _vLiteratura infantil _2 _94652 |
|
| 650 | 4 |
_aVIDA (BIOLOGIA) - _vLITERATURA INFANTIL |
|
| 650 | 4 |
_aLibros y lectura para niños _92290 |
|
| 905 | _aInfantil | ||
| 999 |
_c193648 _d193648 |
||